| 000 | 00774cam a22002412 4500 | ||
|---|---|---|---|
| 001 | 0000003001 | ||
| 005 | 20151217151911.0 | ||
| 008 | 070425s xx 000 0 eng d | ||
| 020 |
_a0324224990 : _cGBP 45.99 |
||
| 040 |
_aKABU _cKABU |
||
| 050 | 0 |
_aHG4026 _b.B75 2005 |
|
| 100 | 1 |
_aBrigham, Eugene F. _@0000152563 |
|
| 245 | 1 | 0 |
_aFinancial management : _btheory and practice / _cEugene F. Brigham, Michael C. Ehrhardt. |
| 250 | _a11th ed. | ||
| 260 |
_aLondon : _bThomson, _c2005. |
||
| 300 | _axxiii, 1000 p. | ||
| 650 | 0 |
_aCorporations _xFinance. _@0000007704 |
|
| 700 | 1 |
_aEhrhardt, Michael C. _@0000152567 |
|
| 908 | _a070425 | ||
| 950 | _@1 | ||
| 999 |
_c6162 _d6162 |
||